[Event "POL-ch Blitz U18 Girls"]
[Site "Bydgoszcz"]
[Date "2023.08.31"]
[Round "4"]
[White "Arciszewska, Zuzanna"]
[Black "Mroz, Lena"]
[Result "1/2-1/2"]
[WhiteElo "1895"]
[BlackElo "1500"]
[PlyCount "108"]
[EventDate "2023.08.28"]
[EventType "swiss"]
[EventRounds "9"]
[EventCountry "POL"]
[SourceTitle "EXT 2024"]
[Source "ChessBase"]
[SourceDate "2023.10.10"]
[SourceVersion "1"]
[SourceVersionDate "2023.10.10"]
[SourceQuality "1"]

1. d4 d5 2. Nf3 e6 3. e3 Nf6 4. Bd3 c5 5. b3 Nc6 6. 0-0 Bd6 7. Bb2 0-0 8. Ne5 cxd4 9. exd4 Qc7 10. f4 Nb4 11. a3 Nxd3 12. Qxd3 Ne4 13. Nd2 f6 14. Ng4 h5 15. Ne3 Bxf4 16. Nxe4 dxe4 17. Qxe4 Bxh2+ 18. Kh1 Bd6 19. Qg6 Qf7 20. Qd3 Bd7 21. Nc4 Bc7 22. a4 Bc6 23. Rae1 Rae8 24. Ba3 a6 25. Bxf8 Rxf8 26. Re3 b5 27. axb5 axb5 28. Nd2 Bd5 29. c4 bxc4 30. bxc4 Bb7 31. Nb3 Qe7 32. Nc5 Bc8 33. Rfe1 e5 34. Nb3 Bb7 35. d5 Bd6 36. Na5 Ba8 37. Nb3 Bc5 38. R3e2 Qd6 39. Qg6 Qb6 40. Nxc5 Qxc5 41. Rd2 Qxc4 42. Red1 Qh4+ 43. Kg1 Qf4 44. Qxh5 Qe3+ 45. Kh1 Bb7 46. Qg4 Qh6+ 47. Kg1 Qe3+ 48. Kh1 Qh6+ 49. Kg1 Qe3+ 50. Kh2 Qh6+ 51. Qh3 Qf4+ 52. Kh1 Bc8 53. Qh5 Bg4 54. Qh2 Bxd1 1/2-1/2

[Event "POL-ch Rapid U18 Girls"]
[Site "Bydgoszcz"]
[Date "2023.08.30"]
[Round "8"]
[White "Starosta, Martyna"]
[Black "Arciszewska, Zuzanna"]
[Result "1/2-1/2"]
[WhiteElo "2012"]
[BlackElo "1695"]
[PlyCount "100"]
[EventDate "2023.08.28"]
[EventType "swiss"]
[EventRounds "11"]
[EventCountry "POL"]
[SourceTitle "EXT 2024"]
[Source "ChessBase"]
[SourceDate "2023.10.10"]
[SourceVersion "1"]
[SourceVersionDate "2023.10.10"]
[SourceQuality "1"]

1. e4 e5 2. Nf3 Nc6 3. Bb5 a6 4. Ba4 Nf6 5. d3 b5 6. Bb3 Bc5 7. Nc3 h6 8. Nd5 d6 9. c3 Rb8 10. 0-0 0-0 11. h3 Ba7 12. a4 b4 13. Bd2 bxc3 14. bxc3 Nxd5 15. Bxd5 Ne7 16. Bc4 a5 17. d4 Ng6 18. Be3 Bb7 19. Qc2 Bb6 20. Rfd1 Qe7 21. Nd2 Qf6 22. Nf1 Rfe8 23. Ng3 Nf4 24. Qd2 Ng6 25. f3 Bc8 26. Rab1 Bd7 27. Qa2 Rf8 28. Kh2 Nh4 29. dxe5 Qxe5 30. Bd4 Bxd4 31. cxd4 Qf4 32. Rxb8 Rxb8 33. Qd2 Qxd2 34. Rxd2 Rb4 35. Bb5 Bxb5 36. axb5 Rxb5 37. Rc2 c5 38. Ne2 a4 39. Nc3 Ra5 40. d5 Ng6 41. Ra2 a3 42. Nb1 f6 43. Rxa3 Rxa3 44. Nxa3 Kf7 45. Kg3 Ne5 46. f4 Nd3 47. Nc4 Ke7 48. Kf3 Ne1+ 49. Kf2 Nd3+ 50. Kf3 Ne1+ 1/2-1/2

[Event "POL-ch Rapid U18 Girls"]
[Site "Bydgoszcz"]
[Date "2023.08.29"]
[Round "2"]
[White "Arciszewska, Zuzanna"]
[Black "Krzyzosiak, Anna"]
[Result "1/2-1/2"]
[WhiteElo "1695"]
[BlackElo "1545"]
[PlyCount "78"]
[EventDate "2023.08.28"]
[EventType "swiss"]
[EventRounds "11"]
[EventCountry "POL"]
[SourceTitle "EXT 2024"]
[Source "ChessBase"]
[SourceDate "2023.10.10"]
[SourceVersion "1"]
[SourceVersionDate "2023.10.10"]
[SourceQuality "1"]

1. d4 Nf6 2. c4 g6 3. Nc3 Bg7 4. e4 d6 5. h3 0-0 6. Be3 Nbd7 7. g4 e5 8. d5 Nc5 9. f3 a5 10. Nge2 c6 11. Qd2 cxd5 12. cxd5 b6 13. Ng3 h5 14. gxh5 Nxh5 15. Nxh5 Qh4+ 16. Qf2 Qxh5 17. Be2 Ba6 18. 0-0-0 Bxe2 19. Qxe2 Rac8 20. Kb1 Bh6 21. Rdg1 f5 22. Bxh6 Qxh6 23. h4 fxe4 24. fxe4 Kh7 25. h5 g5 26. Qg4 Rg8 27. Rf1 Rcf8 28. Nd1 Rf4 29. Rxf4 gxf4 30. Qf5+ Kh8 31. Nc3 Qh7 32. Qf6+ Qg7 33. Qxd6 Nd3 34. h6 Qg2 35. Qf6+ Kh7 36. Qf7+ Kh8 37. Qf6+ Kh7 38. Qf5+ Kh8 39. Qf6+ Kh7 1/2-1/2

[Event "Ustron op-B"]
[Site "Ustron"]
[Date "2023.08.17"]
[Round "7"]
[White "Kusiak, Mateusz"]
[Black "Arciszewska, Zuzanna"]
[Result "1-0"]
[WhiteElo "1967"]
[BlackElo "1895"]
[PlyCount "49"]
[EventDate "2023.08.11"]
[EventType "swiss"]
[EventRounds "9"]
[EventCountry "POL"]
[SourceTitle "CBM 215 Extra"]
[Source "ChessBase"]
[SourceDate "2023.09.30"]
[SourceVersion "1"]
[SourceVersionDate "2023.09.30"]
[SourceQuality "1"]

1. e4 e5 2. Nf3 Nc6 3. Bb5 a6 4. Ba4 Nf6 5. d3 b5 6. Bb3 Be7 7. a4 Rb8 8. axb5 axb5 9. Nc3 d6 10. h3 Be6 11. Nd5 h6 12. Be3 Qd7 13. Qd2 Nd8 14. Ra7 Bxd5 15. exd5 Qc8 16. Qa5 Rb7 17. Ra8 Rb8 18. Qxb5+ Nd7 19. Rxb8 Qxb8 20. Ba4 Qxb5 21. Bxb5 Bf6 22. Kd2 Ke7 23. Ra1 Nb6 24. c4 g5 25. Ra7 1-0

[Event "Warsaw Najdorf Memorial op-B"]
[Site "Warsaw"]
[Date "2023.07.16"]
[Round "6"]
[White "Arciszewska, Zuzanna"]
[Black "Wieckowski, Michal"]
[Result "1/2-1/2"]
[WhiteElo "1732"]
[BlackElo "1637"]
[PlyCount "54"]
[EventDate "2023.07.11"]
[EventType "swiss"]
[EventRounds "9"]
[EventCountry "POL"]
[SourceTitle "EXT 2024"]
[Source "ChessBase"]
[SourceDate "2023.10.10"]
[SourceVersion "1"]
[SourceVersionDate "2023.10.10"]
[SourceQuality "1"]

1. d4 c5 2. d5 g6 3. c4 Bg7 4. Nc3 Nf6 5. e4 d6 6. h3 0-0 7. Nf3 e6 8. Be2 a6 9. a4 exd5 10. cxd5 Nbd7 11. 0-0 Rb8 12. Qc2 Ne8 13. Bf4 Qe7 14. Nd2 g5 15. Be3 Ne5 16. f4 gxf4 17. Bxf4 f5 18. Rae1 Qh4 19. Bh2 f4 20. Nf3 Nxf3+ 21. Bxf3 Nf6 22. Ne2 Nd7 23. Bg4 Ne5 24. Bxc8 Rbxc8 25. Bxf4 c4 26. Qd2 Nd3 27. Rb1 Rce8 1/2-1/2

[Event "Warsaw Najdorf Memorial op-B"]
[Site "Warsaw"]
[Date "2023.07.15"]
[Round "5"]
[White "Kaminski, Jan"]
[Black "Arciszewska, Zuzanna"]
[Result "0-1"]
[WhiteElo "1862"]
[BlackElo "1732"]
[PlyCount "98"]
[EventDate "2023.07.11"]
[EventType "swiss"]
[EventRounds "9"]
[EventCountry "POL"]
[SourceTitle "EXT 2024"]
[Source "ChessBase"]
[SourceDate "2023.10.10"]
[SourceVersion "1"]
[SourceVersionDate "2023.10.10"]
[SourceQuality "1"]

1. e4 e5 2. Nf3 Nc6 3. Bc4 Bc5 4. d3 Nf6 5. 0-0 d6 6. c3 a6 7. a4 h6 8. Nbd2 0-0 9. h3 Be6 10. Re1 Ba7 11. a5 Qd7 12. Nf1 Bxc4 13. dxc4 Ne7 14. Qd3 Ng6 15. Ng3 Nf4 16. Bxf4 exf4 17. Nf5 g6 18. N5d4 Kg7 19. Rad1 Rae8 20. Nd2 Re5 21. b4 Rfe8 22. Kh2 Qe7 23. f3 Nh5 24. Rf1 Qh4 25. N2b3 Rg5 26. Rd2 Nf6 27. Ne2 Nd7 28. Nbd4 Ne5 29. Qb1 Nxc4 30. Rd3 Ne3 31. Rxe3 fxe3 32. Qd3 Rge5 33. Qxe3 Bb8 34. g3 Qe7 35. Qd2 d5 36. Nf4 dxe4 37. fxe4 c6 38. Nf3 Rxe4 39. Ng2 Qd6 40. Qxd6 Bxd6 41. Rd1 Bc7 42. Rd3 Re2 43. h4 c5 44. Kh3 Rd8 45. Rxd8 Bxd8 46. Nf4 Rc2 47. Nd5 Bf6 48. Ne1 Rxc3 49. Nxc3 Bxc3 0-1

[Event "Warsaw Najdorf Memorial op-B"]
[Site "Warsaw"]
[Date "2023.07.12"]
[Round "2"]
[White "Arciszewska, Zuzanna"]
[Black "Kaminski, Maciej1111"]
[Result "1-0"]
[WhiteElo "1732"]
[BlackElo "1917"]
[PlyCount "131"]
[EventDate "2023.07.11"]
[EventType "swiss"]
[EventRounds "9"]
[EventCountry "POL"]
[SourceTitle "EXT 2024"]
[Source "ChessBase"]
[SourceDate "2023.10.10"]
[SourceVersion "1"]
[SourceVersionDate "2023.10.10"]
[SourceQuality "1"]

1. d4 Nf6 2. c4 g6 3. Nc3 Bg7 4. e4 d6 5. h3 0-0 6. Be3 e5 7. d5 Na6 8. g4 Nc5 9. f3 c6 10. Nge2 cxd5 11. cxd5 Qb6 12. Qd2 Bd7 13. Nc1 Rfc8 14. Nd3 Qa5 15. Rb1 b5 16. b4 Nxd3+ 17. Bxd3 Qa3 18. Rb3 Qa6 19. a4 Ne8 20. Nxb5 Qb7 21. Nc3 Nc7 22. 0-0 a6 23. Rfb1 Bf6 24. b5 axb5 25. Nxb5 Nxb5 26. Bxb5 Bxb5 27. Rxb5 Qd7 28. a5 Bd8 29. Bb6 Kg7 30. R5b2 Qa4 31. Qb4 Qd7 32. Qb5 Qe7 33. Qd3 Qd7 34. Kg2 Rcb8 35. Qe2 Rc8 36. Ra2 Rcb8 37. Rab2 Rc8 38. Bxd8 Qxd8 39. a6 Rc5 40. Ra1 Ra5 41. Rxa5 Qxa5 42. Ra2 Qb6 43. Qc4 Ra7 44. h4 h6 45. Qc6 Qb3 46. Qa4 Qxa4 47. Rxa4 Kf6 48. Kf2 Ke7 49. Ke3 Kd7 50. Kd3 Kc7 51. Rc4+ Kd7 52. Rc6 Ra8 53. Kc4 Rb8 54. a7 Ra8 55. Ra6 Kc7 56. Kb5 f6 57. Rc6+ Kb7 58. Rxd6 Rf8 59. Rd7+ Ka8 60. Kb6 f5 61. d6 fxe4 62. Rb7 exf3 63. Rb8+ Rxb8+ 64. axb8Q+ Kxb8 65. d7 e4 66. d8R# 1-0

[Event "POL-ch U18 Girls"]
[Site "Jastrzebia Gora"]
[Date "2023.??.??"]
[Round "7"]
[White "Arciszewska, Zuzanna"]
[Black "Krzyzosiak, Anna"]
[Result "1-0"]
[WhiteElo "1750"]
[BlackElo "1503"]
[PlyCount "69"]
[EventDate "2023.03.11"]
[EventType "swiss"]
[EventRounds "9"]
[EventCountry "POL"]
[SourceTitle "CBM 213 Extra"]
[Source "ChessBase"]
[SourceDate "2023.05.31"]
[SourceVersion "1"]
[SourceVersionDate "2023.05.31"]
[SourceQuality "1"]

1. d4 Nf6 2. c4 g6 3. Nc3 Bg7 4. e4 d6 5. h3 0-0 6. Be3 e5 7. d5 Na6 8. g4 Nc5 9. f3 a5 10. Nge2 c6 11. Qd2 a4 12. Ng3 h5 13. gxh5 Nxh5 14. Nxh5 Qh4+ 15. Qf2 Qxh5 16. Be2 a3 17. b3 Na6 18. 0-0-0 c5 19. Nb5 Nb4 20. Kb1 f5 21. Qg2 b6 22. Nxd6 Bd7 23. Rdg1 Rf6 24. Nb5 fxe4 25. fxe4 Qh7 26. Bg5 Rff8 27. h4 Bf6 28. Be3 Kf7 29. Rf1 Ke7 30. d6+ Kd8 31. Bg5 Qg7 32. Rxf6 Rxf6 33. Qf3 Kc8 34. Qxf6 Qxf6 35. Bxf6 1-0

[Event "POL-ch U18 Girls"]
[Site "Jastrzebia Gora"]
[Date "2023.??.??"]
[Round "3"]
[White "Arciszewska, Zuzanna"]
[Black "Pietrzak, Emilia"]
[Result "1-0"]
[WhiteElo "1750"]
[BlackElo "1424"]
[PlyCount "75"]
[EventDate "2023.03.11"]
[EventType "swiss"]
[EventRounds "9"]
[EventCountry "POL"]
[SourceTitle "CBM 213 Extra"]
[Source "ChessBase"]
[SourceDate "2023.05.31"]
[SourceVersion "1"]
[SourceVersionDate "2023.05.31"]
[SourceQuality "1"]

1. d4 d5 2. Nf3 Nf6 3. c4 e6 4. Nc3 Be7 5. Bg5 0-0 6. e3 h6 7. Bh4 b6 8. Bd3 Bb7 9. Rc1 c5 10. cxd5 exd5 11. 0-0 Nbd7 12. Qe2 Ne4 13. Bxe7 Qxe7 14. dxc5 Ndxc5 15. Bxe4 dxe4 16. Nd4 Ba6 17. Ncb5 Qe5 18. Rc3 Rac8 19. Ra3 Qe8 20. b4 Bxb5 21. Nxb5 Nb7 22. Rxa7 Qc6 23. Nd4 Qd5 24. Qa6 Rc7 25. Qxb6 Rfc8 26. Qb5 Rd8 27. Qxd5 Rxd5 28. a4 Rdd7 29. a5 Nd6 30. Rxc7 Rxc7 31. b5 Ra7 32. Ra1 Nc4 33. a6 Kh7 34. Nc6 Ra8 35. g3 Kg6 36. a7 Nd6 37. b6 Kh7 38. Rd1 1-0

[Event "POL-ch U18 Girls"]
[Site "Jastrzebia Gora"]
[Date "2023.??.??"]
[Round "6"]
[White "Jedrzejko, Martyna"]
[Black "Arciszewska, Zuzanna"]
[Result "1/2-1/2"]
[WhiteElo "1629"]
[BlackElo "1750"]
[PlyCount "75"]
[EventDate "2023.03.11"]
[EventType "swiss"]
[EventRounds "9"]
[EventCountry "POL"]
[SourceTitle "CBM 213 Extra"]
[Source "ChessBase"]
[SourceDate "2023.05.31"]
[SourceVersion "1"]
[SourceVersionDate "2023.05.31"]
[SourceQuality "1"]

1. e4 e5 2. Nf3 Nc6 3. d4 exd4 4. Nxd4 Bc5 5. Nb3 Bb6 6. Nc3 d6 7. Qe2 Nf6 8. Be3 Be6 9. 0-0-0 Qe7 10. f3 0-0 11. Kb1 Rfd8 12. g4 Ne5 13. g5 Nfd7 14. Qf2 a5 15. h3 a4 16. Nd4 Nc4 17. Bxc4 Bxc4 18. Nf5 Qe5 19. f4 Bxe3 20. Qxe3 Qc5 21. Qd4 Qxd4 22. Rxd4 Nb6 23. Ne3 Be6 24. f5 Bd7 25. h4 Bc6 26. h5 Ra5 27. Rg1 Re8 28. Ng4 Nd7 29. h6 Ne5 30. hxg7 Nxg4 31. Rxg4 Kxg7 32. Kc1 Rae5 33. Rh4 b5 34. a3 Bb7 35. Rb4 Bc6 36. Rd4 Bb7 37. Rb4 Bc6 38. Rd4 1/2-1/2

[Event "POL-ch U16 Girls"]
[Site "Sypniewo"]
[Date "2022.03.21"]
[Round "3"]
[White "Mroz, Lena"]
[Black "Arciszewska, Zuzanna"]
[Result "1-0"]
[WhiteElo "1773"]
[BlackElo "1589"]
[PlyCount "63"]
[EventDate "2022.03.19"]
[EventType "swiss"]
[EventRounds "9"]
[EventCountry "POL"]
[SourceTitle "CBM 207 Extra"]
[Source "ChessBase"]
[SourceDate "2022.05.31"]
[SourceVersion "1"]
[SourceVersionDate "2022.05.31"]
[SourceQuality "1"]

1. e4 e5 2. Nf3 Nc6 3. Bb5 a6 4. Ba4 Nf6 5. 0-0 b5 6. Bb3 Bc5 7. c3 d6 8. d4 Bb6 9. Be3 0-0 10. h3 Bb7 11. Nbd2 h6 12. a3 Re8 13. d5 Ne7 14. Bxb6 cxb6 15. Re1 Ng6 16. Nf1 Nh5 17. Ng3 Nhf4 18. Qd2 Qd7 19. Nf5 a5 20. N3h4 Qd8 21. Nf3 Bc8 22. Bc2 Qf6 23. Kh2 Bxf5 24. exf5 Ne7 25. g4 Nexd5 26. Be4 Nc7 27. Bxa8 Nxa8 28. Qxf4 exf4 29. Rxe8+ Kh7 30. Rxa8 b4 31. axb4 axb4 32. Rc8 1-0

[Event "Ustron op-C"]
[Site "Ustron"]
[Date "2021.08.15"]
[Round "3"]
[White "Arciszewska, Zuzanna"]
[Black "Latacz, Grzegorz"]
[Result "1-0"]
[WhiteElo "1553"]
[BlackElo "1423"]
[PlyCount "95"]
[EventDate "2021.08.13"]
[EventType "swiss"]
[EventRounds "9"]
[EventCountry "POL"]
[SourceTitle "EXT 2022"]
[Source "ChessBase"]
[SourceDate "2021.10.06"]
[SourceVersion "1"]
[SourceVersionDate "2021.10.06"]
[SourceQuality "1"]

1. d4 e6 2. Nf3 Nf6 3. c4 Bb4+ 4. Bd2 Qe7 5. e3 b6 6. Bd3 Bb7 7. a3 Bxd2+ 8. Nbxd2 0-0 9. 0-0 d6 10. Rc1 c5 11. Qc2 h6 12. e4 cxd4 13. Nxd4 Nbd7 14. b4 Ne5 15. Be2 Rfc8 16. f4 Nxc4 17. Nxc4 d5 18. e5 Nd7 19. Qb3 dxc4 20. Bxc4 a6 21. Qh3 b5 22. Bb3 Rxc1 23. Rxc1 Nb6 24. Qg4 Rc8 25. Rf1 Nc4 26. Bxc4 Rxc4 27. Rd1 Be4 28. Ne2 Qa7+ 29. Kf1 Qe3 30. Qg3 Qxg3 31. Nxg3 Bd5 32. Ne2 Rc2 33. Rc1 Bxg2+ 34. Kf2 Rxc1 35. Nxc1 Bb7 36. Ke3 Kf8 37. Kd4 Ke7 38. Kc5 Kd7 39. Kb6 Bc8 40. Nd3 f6 41. Nc5+ Kd8 42. Nxa6 g5 43. fxg5 hxg5 44. exf6 Bxa6 45. Kxa6 e5 46. Kxb5 e4 47. Kc4 e3 48. Kd3 1-0

[Event "Warsaw Najdorf Memorial op-B"]
[Site "Warsaw"]
[Date "2021.07.14"]
[Round "5"]
[White "Bartnik, Michal"]
[Black "Arciszewska, Zuzanna"]
[Result "1-0"]
[WhiteElo "1407"]
[BlackElo "1604"]
[PlyCount "137"]
[EventDate "2021.07.10"]
[EventType "swiss"]
[EventRounds "9"]
[EventCountry "POL"]
[SourceTitle "EXT 2022"]
[Source "ChessBase"]
[SourceDate "2021.10.06"]
[SourceVersion "1"]
[SourceVersionDate "2021.10.06"]
[SourceQuality "1"]

1. e4 e5 2. Nf3 Nc6 3. Bc4 Bc5 4. d3 Nf6 5. c3 d6 6. Nbd2 a6 7. Bb3 Be6 8. Bc2 h6 9. Nf1 Ba7 10. Ng3 Qd7 11. 0-0 0-0 12. d4 exd4 13. cxd4 Bg4 14. Be3 Rfe8 15. a3 h5 16. d5 Ne5 17. Nxe5 Rxe5 18. Qd2 Bxe3 19. Qxe3 Nxd5 20. Qb3 Nb6 21. f4 Rb5 22. Qc3 Rc5 23. Qd3 Qb5 24. Qxb5 axb5 25. Bb3 h4 26. Nh1 Nc4 27. Nf2 Nd2 28. Nxg4 Nxb3 29. Rad1 Rc2 30. Rf2 Rc4 31. e5 dxe5 32. Nxe5 Rd4 33. Rxd4 Nxd4 34. Rd2 Rd8 35. Kf2 Ne6 36. Rxd8+ Nxd8 37. Nf3 f6 38. Nxh4 Kf7 39. Ke3 Nc6 40. Nf3 Na5 41. Kd3 Nc4 42. Kc3 Ne3 43. g3 c5 44. Kd3 Nc4 45. Kc3 Nb6 46. f5 Nd5+ 47. Kd3 Ke7 48. Nd2 b6 49. Ke4 Kd6 50. g4 Ne7 51. h4 Nd5 52. g5 Kc6 53. Nf1 fxg5 54. hxg5 Kd6 55. Ng3 Ne7 56. g6 Ng8 57. Nh5 Ke7 58. Ke5 Kf8 59. Nf4 Ne7 60. Nd5 Nc6+ 61. Ke4 Nd4 62. Nxb6 Ke7 63. Nd5+ Kd6 64. Nf4 Ke7 65. Nh5 Kf8 66. Kd5 Nb3 67. Nf4 c4 68. Ne6+ Kg8 69. Nc7 1-0

[Event "POL-chT U20"]
[Site "Kudowa Zdroj"]
[Date "2018.07.29"]
[Round "9.24"]
[White "Arciszewska, Zuzanna"]
[Black "Trzaskowska, Hanna"]
[Result "1/2-1/2"]
[WhiteElo "1301"]
[BlackElo "1505"]
[PlyCount "96"]
[EventDate "2018.07.21"]
[EventType "team-tourn"]
[EventRounds "9"]
[EventCountry "POL"]
[SourceTitle "CBM 186 Extra"]
[Source "ChessBase"]
[SourceDate "2018.08.24"]
[SourceVersion "1"]
[SourceVersionDate "2018.08.24"]
[SourceQuality "1"]

1. d4 Nf6 2. Nf3 e6 3. e3 c5 4. Bd3 d5 5. b3 Nc6 6. a3 Bd6 7. Bb2 Qc7 8. Nbd2 e5 9. dxe5 Nxe5 10. Be2 0-0 11. 0-0 Be6 12. h3 h6 13. Rc1 Rfd8 14. Qe1 Rac8 15. c4 Qb8 16. Kh1 Kh8 17. Rg1 dxc4 18. Nxc4 Nxf3 19. Bxf3 Bxc4 20. Rxc4 b5 21. Rh4 Be5 22. Qa1 Bxb2 23. Qxb2 Qd6 24. b4 c4 25. Rd4 Qe7 26. Rgd1 Kg8 27. Kg1 Kf8 28. Qc3 Rxd4 29. Rxd4 Rd8 30. Bc6 a6 31. a4 Rxd4 32. exd4 Qd6 33. axb5 axb5 34. Bxb5 Nd5 35. Qxc4 Nxb4 36. Qc5 Qxc5 37. dxc5 Ke7 38. Kf1 Ke6 39. Ke2 Kd5 40. c6 Nxc6 41. Bxc6+ Kxc6 42. Ke3 Kd5 43. Kf4 Ke6 44. f3 Kf6 45. Kg4 Kg6 46. Kf4 Kf6 47. Kg4 Kg6 48. Kf4 Kf6 1/2-1/2

[Event "POL-chT U20"]
[Site "Kudowa Zdroj"]
[Date "2018.07.27"]
[Round "7.18"]
[White "Arciszewska, Zuzanna"]
[Black "Dylag, Emilia"]
[Result "0-1"]
[WhiteElo "1301"]
[BlackElo "1989"]
[PlyCount "78"]
[EventDate "2018.07.21"]
[EventType "team-tourn"]
[EventRounds "9"]
[EventCountry "POL"]
[SourceTitle "CBM 186 Extra"]
[Source "ChessBase"]
[SourceDate "2018.08.24"]
[SourceVersion "1"]
[SourceVersionDate "2018.08.24"]
[SourceQuality "1"]

1. d4 Nf6 2. Nf3 g6 3. e3 Bg7 4. Be2 d6 5. b3 0-0 6. Bb2 Nbd7 7. 0-0 c6 8. c4 Qc7 9. Nc3 Re8 10. Rc1 e5 11. Qc2 Nf8 12. Qd1 a5 13. h3 Bf5 14. Ba3 Rad8 15. Qe1 e4 16. Nd2 h5 17. Na4 b6 18. Nc3 N8h7 19. c5 dxc5 20. dxc5 b5 21. Bb2 Nd7 22. Nd1 Bxb2 23. Nxb2 Qe5 24. Rc2 Nxc5 25. Qc1 Rd5 26. a4 Na6 27. Rxc6 Nb4 28. Rb6 Rc8 29. Ndc4 bxc4 30. Nxc4 Qe7 31. Qb2 Ng5 32. Qa3 Nxh3+ 33. gxh3 Bxh3 34. Kh2 Bxf1 35. Bxf1 Qh4+ 36. Bh3 Qxf2+ 37. Bg2 Rg5 38. Rxg6+ Rxg6 39. Kh3 Qg3# 0-1

[Event "POL-chT U20"]
[Site "Kudowa Zdroj"]
[Date "2018.07.26"]
[Round "6.24"]
[White "Pawicka, Magdalena"]
[Black "Arciszewska, Zuzanna"]
[Result "1-0"]
[WhiteElo "1718"]
[BlackElo "1301"]
[PlyCount "75"]
[EventDate "2018.07.21"]
[EventType "team-tourn"]
[EventRounds "9"]
[EventCountry "POL"]
[SourceTitle "CBM 186 Extra"]
[Source "ChessBase"]
[SourceDate "2018.08.24"]
[SourceVersion "1"]
[SourceVersionDate "2018.08.24"]
[SourceQuality "1"]

1. e4 e5 2. Nf3 Nc6 3. d4 exd4 4. Nxd4 Bc5 5. Be3 Qf6 6. c3 Nge7 7. Qd2 h6 8. Nb5 Bxe3 9. Qxe3 Kd8 10. Be2 a6 11. Nd4 d6 12. Nxc6+ Nxc6 13. 0-0 Be6 14. Nd2 Kd7 15. Bc4 Rae8 16. Bxe6+ Rxe6 17. Nb3 Qh4 18. f3 f5 19. Nd4 Nxd4 20. Qxd4 Rg8 21. exf5 Qxd4+ 22. cxd4 Re2 23. Rf2 Rge8 24. Kf1 R2e3 25. Rd1 Ke7 26. g4 Kf6 27. Kg2 Kg5 28. Kg3 Re2 29. Rd2 R2e3 30. h4+ Kf6 31. Kf4 Re1 32. g5+ hxg5+ 33. hxg5+ Kf7 34. Rh2 Rg1 35. Rh7 Ree1 36. f6 Kg6 37. Rxg7+ Kh5 38. Rh2# 1-0

[Event "POL-chT U20"]
[Site "Kudowa Zdroj"]
[Date "2018.07.21"]
[Round "1.12"]
[White "Kroliczek, Gabriela"]
[Black "Arciszewska, Zuzanna"]
[Result "1-0"]
[WhiteElo "1736"]
[BlackElo "1301"]
[PlyCount "113"]
[EventDate "2018.07.21"]
[EventType "team-tourn"]
[EventRounds "9"]
[EventCountry "POL"]
[SourceTitle "CBM 186 Extra"]
[Source "ChessBase"]
[SourceDate "2018.08.24"]
[SourceVersion "1"]
[SourceVersionDate "2018.08.24"]
[SourceQuality "1"]

1. e4 c5 2. Nf3 e6 3. d4 cxd4 4. Nxd4 a6 5. Bd3 Qc7 6. Nc3 Nf6 7. 0-0 b5 8. Re1 d6 9. a4 b4 10. Na2 e5 11. Nf3 a5 12. c3 bxc3 13. Nxc3 Be7 14. h3 h6 15. Be3 Be6 16. Rc1 Nc6 17. Bb5 Bd7 18. Nd5 Qb7 19. Nb6 Nb4 20. Bxd7+ Nxd7 21. Nxa8 Qxa8 22. Qb3 Nf6 23. Qc4 0-0 24. Nd2 Rd8 25. Red1 Rb8 26. b3 Bf8 27. f3 d5 28. exd5 Nfxd5 29. Bf2 Nf4 30. Nf1 Nbd5 31. Ne3 Nb4 32. Rd7 Ne6 33. Ng4 Rb7 34. Rcd1 Rxd7 35. Rxd7 Qe8 36. Rb7 f6 37. Ra7 Kh8 38. Rxa5 Nf4 39. Bc5 Nc6 40. Rb5 Bxc5+ 41. Rxc5 Ne7 42. a5 Qd7 43. Nf2 Qd2 44. g3 Ne2+ 45. Kf1 Nxg3+ 46. Kg2 Ngf5 47. Qc1 Nh4+ 48. Kf1 Qd4 49. Rc4 Qd5 50. Rxh4 Qxf3 51. Qd1 Qb7 52. Qd3 Qc8 53. Rc4 Qe6 54. Rb4 Qc6 55. Rb8+ Ng8 56. Qc4 Qxc4+ 57. bxc4 1-0